Statistiques concernant Les 10 dernières pièces de Molière

Cliquez ici pour prendre le quiz!

Statistiques générales

  • Ce quiz a été pris 21 fois
  • Le résultat moyen est 4 sur 10

Statistiques - réponses

Première représentation de l'oeuvreNom de la pièce% Correct
9 septembre 1668L'Avare ou l'École du Mensonge
85%
10 février 1673Le Malade imaginaire
85%
14 octobre 1670Le Bourgeois Gentilhomme
60%
11 mars 1672Les Femmes savantes
55%
24 mai 1671Les Fourberies de Scapin
45%
18 juillet 1668Georges Dandin ou Le Mari Confondu
25%
2 décembre 1672La comtesse d'Escarbagnas
10%
6 octobre 1669Monsieur de Pourceaugnac
10%
17 janvier 1671Psyché
10%
4 février 1670Les Amants Magnifiques
5%

Distribution des résultats

Percentile par nombre de réponses

% des personnes avec chaque résultat

Votre développement - résultats

Vous n’avez pas pris ce quiz